La ciencia en el desierto (Record no. 164136)
[ view plain ]
| 000 -LEADER | |
|---|---|
| campo de control de longitud fija | 01070nam a2200241 i 4500 |
| 001 - NÚMERO DE CONTROL | |
| campo de control | 164136 |
| 003 - IDENTIFICADOR DE NÚMERO DE CONTROL | |
| campo de control | ES-MaACL |
| 005 - FECHA Y HORA DE LA ÚLTIMA TRANSACCIÓN | |
| campo de control | 20250927063038.0 |
| 008 - DATOS DE LONGITUD FIJA--INFORMACIÓN GENERAL | |
| campo de control de longitud fija | 050727s1886 sp a |||| |dspa d |
| 040 ## - FUENTE DE CATALOGACIÓN | |
| Centro catalogador/agencia de origen | CAM |
| Lengua de catalogación | spa |
| Centro/agencia transcriptor | CAM |
| 100 1# - ENTRADA PRINCIPAL--NOMBRE DE PERSONA | |
| Nombre de persona | Ruiz, Antonio, |
| Fechas asociadas al nombre | -ca.1800 |
| 9 (RLIN) | 158431 |
| 245 13 - MENCIÓN DEL TÍTULO | |
| Título | La ciencia en el desierto |
| Resto del título | : descripcion de un viaje á los paises desconocidos del interior de Africa, imitacion de Julio Verne / |
| Mención de responsabilidad, etc. | por Antonio Ruiz ; dibujante, Emilio Estrella ; grabador, Eugenio Alós. |
| 250 ## - MENCION DE EDICION | |
| Mención de edición | 2ª ed. il. con grab. y considerablemente aum. |
| 260 ## - PUBLICACIÓN, DISTRIBUCIÓN, ETC. | |
| Lugar de publicación, distribución, etc. | Barcelona : |
| Nombre del editor, distribuidor, etc. | Sociedad Editorial, |
| Fecha de publicación, distribución, etc. | 1886 ( |
| Fabricante | Tipo-litografía de los Sucesores de Ramirez y cª) |
| 300 ## - DESCRIPCIÓN FÍSICA | |
| Extensión | 64 p. : |
| Otras características físicas | il. ; |
| Dimensiones | 28 cm. |
| 490 1# - MENCIÓN DE SERIE | |
| Mención de serie | Biblioteca ilustrada de Martí y Roig |
| 596 ## - NOTA AL PIE DE IMPRENTA | |
| NOTA AL PIE DE IMPRENTA | Fecha e imp. constan al verso de port. |
| 700 1# - ENTRADA AGREGADA--NOMBRE PERSONAL | |
| Nombre de persona | Estrella, Emilio. |
| 9 (RLIN) | 126980 |
| 700 1# - ENTRADA AGREGADA--NOMBRE PERSONAL | |
| Nombre de persona | Alós, Emilio. |
| 9 (RLIN) | 158432 |
| 830 0# - PUNTO DE ACCESO ADICIONAL DE SERIE-TÍTULO UNIFORME | |
| Título uniforme | Biblioteca ilustrada de Martí y Roig |
| 9 (RLIN) | 188453 |
| 852 ## - LOCALIZACIÓN | |
| Ubicación | ES-MaACL |
| Número de control de estantería | Fol-Laf-50 |
| Nota libre | - Rust. |
| -- | . - Legado M. de la Fuente |
| Estatus retirado | Estado de pérdida | Estado de daño | No para préstamo | Colección | Biblioteca de origen | Biblioteca actual | Ubicación en estantería | Fecha de adquisición | Fuente de adquisición | Total de préstamos | Signatura topográfica completa | Código de barras | Visto por última vez | Precio de reemplazo | Tipo de ítem Koha |
|---|---|---|---|---|---|---|---|---|---|---|---|---|---|---|---|
| Colección de folletos | Biblioteca del Ateneo de Madrid | Biblioteca del Ateneo de Madrid | Depósito folletos | 17/01/2008 | Fol-Laf-50 | 1172026 | 23/02/2023 | 23/02/2023 | Folleto |
